000 00696nam a2200193 i 4500
001 59710
003 ES-MaACL
005 20230906164103.0
007 t|
008 031030s1946 ag ||||1| spa d
245 0 4 _aLas enfermedades y parásitos mas frecuentes de las aves de corral /
_ctraducido del "Vearbook of Agriculture 1942" por Carlos J. Tèaubler.
260 _aBuenos Aires :
_bAcme Agency Soc. de Resp. Ltda.,
_c1946 (
_fCompañía Fabril Financiera)
300 _aIX, 272 p. :
_bil. ;
_c23 cm.
490 1 _aManuales prácticos
700 1 _aTèaubler, Carlos J.
_9133428
830 0 _aManuales prácticos
_9184523
852 _aES-MaACL
_jC-4077
_bR.23667
999 _c59710
_d59710